[Event "Cutro op-B 11th"]
[Site "Cutro"]
[Date "2005.04.28"]
[Round "5"]
[White "Frontera, Giuseppe"]
[Black "De Giglio, Michele"]
[Result "1-0"]
[WhiteElo "1826"]
[BlackElo "1745"]
[PlyCount "39"]
[EventDate "2005.04.23"]
[EventType "swiss"]
[EventRounds "5"]
[EventCountry "ITA"]
[SourceTitle "CBM 106 Extra"]
[Source "ChessBase"]
[SourceDate "2005.07.01"]
[SourceVersion "1"]
[SourceVersionDate "2005.07.01"]
[SourceQuality "1"]

1. e4 Nf6 2. e5 Nd5 3. d4 d6 4. Nf3 Nc6 5. h3 Bf5 6. Bd3 Qd7 7. 0-0 Ndb4 8. a3 Nxd3 9. cxd3 dxe5 10. dxe5 Qxd3 11. Qa4 Rd8 12. Nc3 Bxh3 13. Bf4 a6 14. Rfd1 Qg6 15. Rxd8+ Kxd8 16. Bg3 Bd7 17. Rd1 Kc8 18. e6 fxe6 19. Rxd7 b5 20. Rxc7+ 1-0

[Event "Cutro op-B 11th"]
[Site "Cutro"]
[Date "2005.04.27"]
[Round "4"]
[White "De Giglio, Michele"]
[Black "Olivo, Gaetano"]
[Result "1-0"]
[WhiteElo "1745"]
[BlackElo "1610"]
[PlyCount "47"]
[EventDate "2005.04.23"]
[EventType "swiss"]
[EventRounds "5"]
[EventCountry "ITA"]
[SourceTitle "CBM 106 Extra"]
[Source "ChessBase"]
[SourceDate "2005.07.01"]
[SourceVersion "1"]
[SourceVersionDate "2005.07.01"]
[SourceQuality "1"]

1. e4 e6 2. d3 d5 3. Nd2 d4 4. Ngf3 c5 5. g3 Nc6 6. Bg2 e5 7. 0-0 Be7 8. Nc4 Qc7 9. Ng5 h6 10. Nh3 b5 11. Nd2 Nf6 12. f4 exf4 13. gxf4 Bxh3 14. Bxh3 Rd8 15. e5 Nd5 16. Ne4 g5 17. Qh5 gxf4 18. Bxf4 Nxf4 19. Rxf4 Nxe5 20. Raf1 Rg8+ 21. Kh1 Rg6 22. Rxf7 Nxf7 23. Qxg6 Bg5 24. Qg8+ 1-0